|
|
|
|
| LEADER |
00000nam a2200000 a 4500 |
| 001 |
vtls010644789 |
| 003 |
SK-MaSNL |
| 005 |
20260301215320.0 |
| 008 |
160610s2014 xo g 000 0 slo |
| 015 |
|
|
|a SNBA2015/07
|
| 020 |
|
|
|a 9788081591020
|q (viaz.)
|
| 035 |
|
|
|a CDFE938E-E154-4CEA-9CF1-76ABAD28A88D
|
| 035 |
|
|
|a urn:nbn:sk:snk-amkt4p
|
| 035 |
|
|
|a urn:nbn:sk:snk-am0056ov
|
| 040 |
|
|
|a SNK
|b slo
|c SNK
|e AACR2
|
| 041 |
1 |
|
|a slo
|h ger
|
| 044 |
|
|
|a xo
|c SK
|
| 072 |
|
7 |
|a 27
|x Kresťanstvo. Kresťanská cirkev všeobecne. Ekleziológia
|2 konspekt
|
| 080 |
|
|
|a 2-3-055.2
|2 2001
|
| 080 |
|
|
|a 27-9
|2 2001
|
| 080 |
|
|
|a 27-1/.9
|2 2001
|
| 080 |
|
|
|a 27-662:3
|2 2001
|
| 080 |
|
|
|a (048.8)
|2 2001
|
| 080 |
|
|
|a 316.346.2-055.2:21/29-1/-9
|2 2001
|
| 100 |
1 |
|
|a Küng, Hans,
|d 1928-2021
|4 aut
|9 89865
|
| 240 |
1 |
4 |
|a Die Frau im Christentum
|l Slovensky
|
| 245 |
1 |
0 |
|a Žena v kresťanstve
|c Hans Küng ; [preklad: Mária Vargová]
|
| 250 |
|
|
|a 1. vyd.
|
| 260 |
|
|
|a Bratislava
|b Premedia
|c 2014
|
| 300 |
|
|
|a 148 s.
|c 21 cm
|
| 504 |
|
|
|a Bibliogr. odkazy
|
| 650 |
0 |
7 |
|a ženy v cirkvi
|2 SNKPH
|9 88057
|
| 650 |
0 |
7 |
|a cirkevné dejiny
|2 SNKPH
|9 3909
|
| 650 |
0 |
7 |
|a kresťanské učenie
|2 SNKPH
|9 1960
|
| 650 |
0 |
7 |
|a kresťanstvo a spoločnosť
|2 SNKPH
|9 4227
|
| 650 |
0 |
7 |
|a Women in church work
|2 SNKPHeng
|9 360411
|
| 650 |
0 |
7 |
|a Church history
|2 SNKPHeng
|9 266918
|
| 650 |
0 |
7 |
|a Christian teaching
|2 SNKPHeng
|9 329887
|
| 650 |
0 |
7 |
|a Christianity and civilization
|2 SNKPHeng
|9 268313
|
| 650 |
0 |
7 |
|a ženy a náboženstvo
|2 SNKPH
|9 79206
|
| 650 |
0 |
7 |
|a Women and religion
|2 SNKPHeng
|9 335631
|
| 655 |
|
7 |
|a štúdie
|2 SNKPH
|9 57033
|
| 655 |
|
7 |
|a Studies
|2 SNKPHeng
|9 265573
|
| 700 |
1 |
|
|a Vargová, Mária,
|d 1971-
|4 trl
|9 235692
|
| 852 |
|
|
|a Slovenská národná knižnica
|
| 919 |
|
|
|a 978-80-8159-102-0
|
| 958 |
|
|
|a NB
|
| 958 |
|
|
|a NT
|
| 968 |
|
|
|b DT
|
| 999 |
|
|
|c 927751
|d 929681
|
| 952 |
|
|
|a SNK
|b SNK
|y PREZ
|7 0
|p 17A1167652
|o snkSC 165389
|i snk2015/21045
|8 0
|0 0
|1 0
|4 0
|d 2015-07-08
|f 1
|l 0
|r 2026-02-24 08:38:32
|w 2026-02-24
|
| 952 |
|
|
|a SNK
|b SNK
|y VYP
|7 0
|p 17A1167653
|o snkSC 165389 D1
|i snk2015/21046
|8 0
|0 0
|1 0
|4 0
|d 2015-07-08
|l 0
|r 2026-02-24 08:38:32
|w 2026-02-24
|